| 000 | 00672nam a2200265Ia 4500 | ||
|---|---|---|---|
| 003 | OSt | ||
| 005 | 20221007105510.0 | ||
| 006 | a|||||r|||| 00| 0 | ||
| 007 | ta | ||
| 008 | 221006b |||||||| |||| 00| 0 eng d | ||
| 024 | _a18,738 | ||
| 037 | _cTextual | ||
| 040 |
_aLCO _cLCO _beng |
||
| 041 |
_2eng _aeng |
||
| 082 | _aZ2,211,3, K8 | ||
| 100 |
_aWoodfalls _9706694 |
||
| 245 | 0 | _aLaw of Landlord and Tenant | |
| 250 | _a27th | ||
| 260 |
_aLondon _bSweet & Maxwell UK _c1968 |
||
| 300 | _a1222+52 | ||
| 490 | _vVol.-11 | ||
| 650 | _aLANDLORD AND TENANT | ||
| 942 |
_hZ2,211,3, K8 _cTEXL |
||
| 999 |
_c1188301 _d1188301 |
||